La señorita sobreviviente: 1980-1984
保存先:
| 第一著者: | |
|---|---|
| フォーマット: | 図書 |
| 言語: | スペイン語 |
| 出版事項: |
Viña del Mar
Altazor
1987
|
| シリーズ: | Serie Divergente
|
| 主題: | |
| タグ: |
タグ追加
タグなし, このレコードへの初めてのタグを付けませんか!
|
MARC
| LEADER | 00000cam a2200000 a 4500 | ||
|---|---|---|---|
| 001 | UCX7418 | ||
| 003 | CL-VaPUC | ||
| 008 | 931209e19870000CL |||||||||||||||||spa|d | ||
| 082 | 0 | 4 | |a Ch861 |b BRE |2 21 |
| 100 | 0 | |a Bresky, A |e author |9 324251 | |
| 245 | 1 | 3 | |a La señorita sobreviviente: 1980-1984 |
| 300 | |a 71 p | ||
| 942 | |c BK | ||
| 945 | |d 19931209 00:00:00 |a rbrito | ||
| 260 | |a Viña del Mar |b Altazor |c 1987 | ||
| 650 | 0 | |a Poesías chilenas |9 265280 | |
| 583 | |a last modification |c 20160404 11:11:40 |k Rodrigo Vera | ||
| 490 | 0 | |a Serie Divergente | |
| 999 | |c 227240 |d 227238 | ||
| 952 | |0 0 |1 0 |3 erb |4 0 |6 CH_861_000000000000000_BRE_1987 |7 0 |8 ? |9 226122 |a FDOBUD |b FDOBUD |i 5243866 |o Ch861 BRE 1987 |p 5243866 |r 2019-11-15 |w 2019-11-15 |y BK |z Catalogado en:20151029 |k FHP | ||